000 00424nam a2200181Ia 4500
001 14607
005 20260306164926.0
008 260306t2004||||xx |||||||||||||| ||spa||
041 _aESP
082 _a515.35
_bK81 V. 1
100 _aKreyszig, Erwin
_eAUT
245 0 _aMatemáticas avanzadas para ingeniería
260 _c2004
300 _a
_c25 cm.
650 _aGEN
654 _aCMA
942 _cLIB
_dJUS
_fJUS
_2ddc
_n
999 _c14607
_d14607